01386nam a2200301 i 4500001000300000003000400003005001700007008004100024020001500065040000800080080001200088080000900100111012300109245029100232246010000523246004400623246002700667260005200694300004500746504003200791650002400823650002800847655003000875700002500905700002600930710003000956856009800986bgBPK20131213134847.0130802s1998 ne a f 101 0 eng d a9054109947 cBPK a624.131 a(06)2 aInternational Congress International Association for Engineering Geology and the Environment d(8 ; 1998 ;cVancouver)10aEighth International Congress International Association for Engineering Geology and the Environment :b 21-25 September 1998, Vancouver, Canada : proceedings.nVol. 4.Theme 3,pEngineering geology and the environment. Theme 4, Construction materials /ced. Dennis Moore, Oldrich Hungr.31aInternational Congress International Association for Engineering Geology and the Environment, 830aEngineering geology and the environment30aConstruction materials aRotterdam ;aBrookfield :bA.A. Balkema,c1998. aS. XIII, [3], 2269-2978 :bil. ;c25 cm. aBibliogr. przy ref. Indeks. 0aEngineering geology 4aGeologia inżynierska. 4aMateriały konferencyjne.1 aMoore, Dennis.eRed.1 aHungr, Oldrich.eRed.2 aA.A. Balkema (Rotterdam). uhttp://koha.tu.koszalin.pl/cgi-bin/koha/opac-detail.pl?biblionumber=79599yKatalog online BPK